Apprenticed to pleasure : an erotic sci-fi novel /

সংরক্ষণ করুন:
গ্রন্থ-পঞ্জীর বিবরন
প্রধান লেখক: Fox, Brandon (লেখক)
বিন্যাস: গ্রন্থ
ভাষা:ইংরেজি
প্রকাশিত: San Francisco : Leyland, [c1997]
ট্যাগগুলো: ট্যাগ যুক্ত করুন
কোনো ট্যাগ নেই, প্রথমজন হিসাবে ট্যাগ করুন!

MARC

LEADER 00000nam a22000007i 4500
001 IT\ICCU\UBO\2247985
003 ItRI
005 20260115231830.0
008 030715s1997 xxu|||||| ||||| |||||c
020 |a 0943595649 (pbk) 
040 |b ita  |c importazione bologna sebina 
041 7 |a eng  |2 ISO-639-2 
100 1 |a Fox, Brandon  |0 IT\ICCU\UBOV\813150  |4 aut 
245 1 0 |a Apprenticed to pleasure :  |b an erotic sci-fi novel /  |c Brandon Fox. 
260 |a San Francisco :  |b Leyland,  |c [c1997] 
300 |a 191 p. ;  |c 22 cm. 
942 |2 ddc  |c BK  |n 0 
952 |0 0  |1 0  |4 0  |6 DOC_813_540000000000000_FOX  |7 0  |9 13770  |a BO  |b BO  |d 2026-01-15  |i 7437  |l 0  |o DOC 813.54 FOX  |p BO7437  |r 2026-01-15 23:18:30  |w 2026-01-15  |x [Sebina 5] [1 v.]  |y BK  |z 1 v. 
999 |c 11846  |d 11846